000 00481nam a2200181Ia 4500
005 20250508151757.0
008 008 250505s9999 xx 000 0 hin d
037 _aBooks to be hide in OPAC
040 _aFEDL
_beng
_cFEDL
041 _ahin
_2eng
084 _a920.54, RAK/O
_qFEDL
100 _aRakesh
245 0 _aYug praneta
260 _aDelhi, India
_bNav Sahitya Prakashan
300 _a180p.
942 _cHB
_h920.54, RAK/O
999 _c1332092
_d1332092